000 00642nam a2200265Ia 4500
001 18474
003 GE_BSU
008 181216s||||||||xx |||||||||||||| ||und||
020 _a9780137084524
040 _cGE_BSU
080 _a005
100 _aSears, S.J. Gordon, V.N.
245 _aBuilding Your Career
245 2 _bA Guide to your Future
250 _aFourth edition
260 _aBoston
260 _bPearson
260 _c2011
300 _a121 p. 28 cm.
653 _aBuilding Your Career
653 _aკარიერა
653 _aმართვა
653 _aმენეჯმენტი
942 _cBK
999 _c51488
_d51488